ბათუმის შოთა რუსთაველის სახელმწიფო უნივერსიტეტის ბიბლიოთეკა

ცოდნა და ღირებულებითი განათლება შესავალი / (ბიბ.ჩანაწერი № 57001)

000 -ლიდერი
ფიქსირებული სიგრძის საკონტროლო ველი 01895nam a22002657a 4500
003 - საკონტროლო ნომრის იდენტიფიკატორი
საკონტროლო ველი Ge_BSU
005 - ბოლო ოპერაციის თარიღი და დრო
საკონტროლო ველი 20191001115108.0
008 - ფიქსირებული სიგრძის მონაცემთა ელემენტები - ზოგადი ინფორმაცია
ფიქსირებული სიგრძის საკონტროლო ველი 191001s2018 ge ||||| |||| 00| 0 geo d
041 ## - ენის კოდი
Language code of text/sound track or separate title geo
080 ## - უნივერსალური ათობითი კლასიფიკაციის ინდექსი
Universal Decimal Classification number 37 ც-81
100 ## - მთავარი ჩანაწერი - პიროვნების სახელი
Personal name შავერდაშვილი , ეკატერინე.
9 (RLIN) 4414
245 ## - ცნობა სათაურის შესახებ
Title ცოდნა და ღირებულებითი განათლება შესავალი /
Statement of responsibility, etc ეკატერინე შავერდაშვილი ; თამარ მოსიაშვილი ; რედ : ეკატერინე ქუთათელაძე ; გვანცა ბურდული ; კოორდ. შორენა მაღლაკელიძე.
264 ## - წარმოების, გამოცემის, დისტრიბუციის და სხვა ცნობები
გამოცემის, წარმოების, დისტრიბუციის... ადგილი თბილისი ,
გამოცემის, წარმოების, დისტრიბუციის... თარიღი 2018.
300 ## - ფიზიკური აღწერა
Extent 119 გვ .:
Dimensions 20 სმ.
501 ## - შენიშვნა თანმხლებ მასალაზე
With note +1CD
504 ## - BIBLIOGRAPHY, ETC. NOTE
Bibliography, etc ბიბლიოგრ.გვ:114-119
653 ## - INDEX TERM--UNCONTROLLED
Uncontrolled term პედაგოგიკა
653 ## - INDEX TERM--UNCONTROLLED
Uncontrolled term ცოდნა
700 ## - ADDED ENTRY--PERSONAL NAME
Personal name მოსიაშვილი, თამარ
9 (RLIN) 4415
700 ## - ADDED ENTRY--PERSONAL NAME
Personal name უთათელაძე, ეკატერინე
Relator term რედაქტორი
9 (RLIN) 4418
700 ## - ADDED ENTRY--PERSONAL NAME
Personal name ბურდული, გვანცა
Relator term რედაქტორი
9 (RLIN) 2413
700 ## - ADDED ENTRY--PERSONAL NAME
Personal name მაღლაკელიძე, შორენა
Relator term პროექტის კოორდინატორი საქართველოდან
9 (RLIN) 3942
710 ## - ADDED ENTRY--CORPORATE NAME
Relator term კურუკულუმის რეფორმა სამოქალაქო განათლებისა და დემოკრატიის პრინციპების ხელშეწყობისათვის მასწავლებელთა მომზადების პროგრამებში ისრაელსა და საქართველოში
9 (RLIN) 4416
942 ## - ADDED ENTRY ELEMENTS (KOHA)
Source of classification or shelving scheme
Koha item type წიგნი
ეგზემპლარები
ჩამოწერის სტატუსი დაკარგული ეგზემპლარის სტატუსი კლასიფიკაციის წყარო ან თაროზე გაწყობის სქემა დაზიანების სტატუსი არ გაიცემა მუდმივი მდებარეობა (დაცვის ადგილი) ამჟამინდელი ადგილსამყოფელი თაროზე განთავსების ადგილი შეძენის თარიღი ღირებულება, შესყიდვის ნორმალური ფასი სრული შენახვის შიფრი შტრიხკოდი ბოლო ოპერაციის თარიღი ეგზემპლარის მიმდევრობითი ნომერი (კეტერი?) ფასის ძალაში შესვლის თარიღი ეგზემპლარის სახეობა საჯარო შენიშვნა
          ბათუმის შოთა რუსთაველის სახელმწიფო უნივერსიტეტის მთავარი ბიბლიოთეკა ბათუმის შოთა რუსთაველის სახელმწიფო უნივერსიტეტის მთავარი ბიბლიოთეკა წიგნსაცავი 2019-10-01 5.00 37 შ-15 60080 2019-10-01 60080 2019-10-01 წიგნი 5.00
          ბათუმის შოთა რუსთაველის სახელმწიფო უნივერსიტეტის მთავარი ბიბლიოთეკა ბათუმის შოთა რუსთაველის სახელმწიფო უნივერსიტეტის მთავარი ბიბლიოთეკა წიგნსაცავი 2019-10-01 5.00 37 შ-15 60081 2019-10-01 60081 2019-10-01 წიგნი 5.00
          ბათუმის შოთა რუსთაველის სახელმწიფო უნივერსიტეტის მთავარი ბიბლიოთეკა ბათუმის შოთა რუსთაველის სახელმწიფო უნივერსიტეტის მთავარი ბიბლიოთეკა წიგნსაცავი 2019-10-01 5.00 37 შ-15 60082 2019-10-01 60082 2019-10-01 წიგნი 5.00